000
00214nam a2200085Ia 4500
008
170620s9999 xx 000 0 und d
100
_a
N. C. E. R. T.
245
0
_a
Indian Education Abstracts-4
260
_b
New Delhi- N.C.E.R.T.
260
_c
1996
999
_c
24757
_d
24757